000 00247nam a22001097a 4500
003 SGT
022 _a2394-4781
245 _aINDIAN JOURNAL OF CLINICAL ANAESTHESIA
260 _aINDIA
_bINNOVATIVE PUB.
_c2016
310 _aQUARTERLY
942 _2ddc
_cLJ
999 _c8809
_d8809